=LDR 00000nam 2200000 4500 =001 INLIS000000000031314 =005 20130612133407 =008 ***********************************ind** =035 ##$$0010-061300000031314 =041 ##$$a ind =082 ##$$a 610 =090 ##$$a 610 , Kho l =100 ##$$a Khomsan,Ali =245 ##$$a Lima puluh menu sehat untuk tumbuhan kembang anak, usia 6-24 bulan, Ali Khomsan,Siti Pidayani; penyunting, Agung Sugiarto =260 ##$$a 2008 $b Jakarta =300 ##$$a viii,125 hlm. , ilus. , 23 cm =650 ##$$a GIZI =700 ##$$a Sugiarto,Agung =850 ##$$a NBPNMAT